| 000 | 00751 a2200205 4500 | ||
|---|---|---|---|
| 005 | 20080825120254.0 | ||
| 008 | 080825t xxu||||| |||| 00| 0 eng d | ||
| 010 | _aENG-87109 | ||
| 020 |
_a818863123X _c300.00 |
||
| 035 | _aEN-70642 | ||
| 037 | _bDBAD / PUB | ||
| 082 | _a155.9042 | ||
| 100 | _aSengar, Devendra | ||
| 245 |
_aStress _cby Devendra Sengar |
||
| 260 |
_aDelhi _bKunal Prakashan _c2007 |
||
| 270 |
_aL-20/3 , Street No.5, Shivaji Marg, Kartar Nagar, _bDelhi _e110 053 |
||
| 300 |
_a224p. _c21cm (Hb ) |
||
| 942 |
_adpl _cEN _k155.9042 / SEN _2ddc _h155.9042 _mSEN |
||
| 999 |
_c6063 _d6063 |
||